Monthly summary of foreign commerce of the United States, September, 1932.

Bibliographic Details
Corporate Authors: United States. Bureau of Foreign and Domestic Commerce, ProQuest (Firm), United States. Department of Commerce. Bureau of Statistics
Format: Government Document eBook
Language:English
Published: Washington : [publisher not identified], 1932.
Series:United States congressional serial set.
Subjects:
Online Access:Connect to the full text of this electronic book

MARC

Tag First Indicator Second Indicator Subfields
LEADER 00000cam a22000001a 4500
001 in00002795021
005 20190331181916.0
006 m o d
007 cr bn mmmapmmp
008 091231s1932 dcud o f000 0 eng d
035 |a cis2004335714 
040 |a UMI  |c UMI  |d UtOrBLW 
043 |a n-us--- 
086 0 |a C 14.14:933/3 
099 |a ProQuest Serial Set Number 9708 H.doc.453 
110 1 |a United States.  |b Bureau of Foreign and Domestic Commerce. 
245 1 0 |a Monthly summary of foreign commerce of the United States, September, 1932. 
246 1 |a Monthly summary of foreign commerce of U.S., September 1932 
264 1 |a Washington :  |b [publisher not identified],  |c 1932. 
300 |a 1 online resource. 
336 |a text  |b txt  |2 rdacontent 
337 |a computer  |b c  |2 rdamedia 
338 |a online resource  |b cr  |2 rdacarrier 
490 0 |a H.doc.453 
500 |a Record is based on bibliographic data in ProQuest U.S. Serial Set Digital Collection (last viewed Dec. 2009). Reuse except for individual research requires license from ProQuest, LLC. 
510 3 |a ProQuest U.S. Serial Set Digital Collection 
500 |a Electronic resource. 
650 0 |a International economic relations. 
650 0 |a International trade. 
655 7 |a Electronic books.  |2 local 
710 2 |a ProQuest (Firm) 
710 1 |a United States.  |b Department of Commerce.  |b Bureau of Statistics. 
830 0 |a United States congressional serial set. 
856 4 0 |u http://proxy.library.tamu.edu/login?url=http://congressional.proquest.com/congcomp/getdoc?SERIAL-SET-ID=9708+H.doc.453  |z Connect to the full text of this electronic book  |t 0 
999 |a MARS 
999 f f |s 05e60af4-c524-38a3-9174-9145dbb568c3  |i ddb8eaa0-a699-3592-9396-f4a5bd2fbd29  |t 0 
952 f f |a Texas A&M University  |b College Station  |c Electronic Resources  |d Available Online  |t 0  |e ProQuest Serial Set Number 9708 H.doc.453  |h Other scheme 
998 f f |a ProQuest Serial Set Number 9708 H.doc.453  |t 0  |l Available Online